European Quarterly of Political Attitudes and Mentalities (Запис № 408301)
[ простий вигляд ]
| 000 -Лідер | |
|---|---|
| fixed length control field | 01261nam a22002417a 4500 |
| 003 - Ідентифікатор контрольного номера | |
| control field | UA-OsUOA |
| 001 - Контрольний номер | |
| control field | 135142 |
| 007 - Фіксоване поле фізичного опису | |
| fixed length control field | ta |
| 008 - Елементи даних фіксованої довжини – загальна інформація | |
| fixed length control field | 20190109b un ||||| |||| 00| 0 ukr d |
| 090 ## - Локальний шифр розміщення | |
| Авторський знак (НП) | E-78 |
| 040 ## - Джерело каталогізації | |
| Агенція оригінальної каталогізації | UA-OsUOA |
| Мова каталогізації | eng |
| Агенція, яка здійснювала перезапис | UA-OsUOA |
| Агенція, яка здійснювала модифікацію | UA-OsUOA |
| 041 ## - Код мови | |
| Код мови тексту/ звукової доріжки чи окремого заголовка (П) | eng |
| 022 ## - Міжнародний стандартний серіальний номер (ISSN) | |
| Міжнародний стандартний серіальний номер (ISSN) | 2285 - 4916 |
| 245 ## - Відомості про назву | |
| Назва (НП) | European Quarterly of Political Attitudes and Mentalities |
| Решта назви (НП) | Access Peer-Reviewed Research Journal in Political Culture Analysis, Modeling and Simulation |
| Дані про відповідальність (НП) | Editor-in-Chief: Camelia FlorelaEditor-in-Chief: Camelia Florela Voinea, University of Bucharest, Romania |
| 260 ## - Публікація, розповсюдження і т.п. (Вихідні дані) | |
| Дата публікації, розповсюдження і т.п. (П) | 2017 |
| 246 31 - Інша форма назви | |
| Назва (НП) | 2 |
| Номер частини/ розділ роботи (П) | |
| 520 3# - Резюме і т.п. | |
| Резюме, реферат, анотація, тощо (НП) | EQPAM promotes interdisciplinary research in Political Analysis, Computational Modeling and Simulation with a special focus on the Eastern European political cultures. EQPAM is published by the European Research Group on Political Attitudes and Me |
| 520 3# - Резюме і т.п. | |
| Резюме, реферат, анотація, тощо (НП) | ntalities, EPAMEQPAM acknowledges the contribution of the Faculty of Political Science, University of Bucharest, in providing web server and file space for this journa |
| 650 #7 - Додаткове предметне введення – тематичний термін | |
| Джерело заголовка чи терміна | UDC |
| 856 40 - Електронне місцезнаходження та доступ | |
| Уніфікований ідентифікатор ресурсу (П) | https://sites.google.com/a/fspub.unibuc.ro/european-quarterly-of-political-attitudes-and-mentalities/Home/archive-eqpam_volume6_no2-april2017 |
| 942 ## - Додаткові елементи входу (Коха) | |
| Тип елемента Koha | Номер журналу |
| 955 ## - Код типу видання за змістом | |
| Код типу видання за змістом (НП) | Наукові видання |
Немає доступних примірників.